MARC

LEADER 00000nam0a2200000 4500
001 168626
005 20231101222754.0
035 |a (RuTPU)RU\TPU\book\182942 
090 |a 168626 
100 |a 20091029d1987 k y0rusy50 ca 
101 0 |a rus 
102 |a RU 
105 |a a z 001zy 
200 1 |a  Эти замечательные цепи  |f  В. Н. Андреев, А. Я. Иоффе 
210 |a Москва  |c Знания  |d  1987 
215 |a 176 с.  |c ил. 
320 |a Библиогр.: с. 190. 
606 |a Марковские процессы  |x (математика)  |2 stltpush  |3 (RuTPU)RU\TPU\subj\41044  |9 60863 
610 1 |a случайные процессы 
610 1 |a свойства 
610 1 |a применение 
610 1 |a теория вероятностей 
610 1 |a марковские цепи 
675 |a 519.217  |v 3 
700 1 |a Андреев  |b В. Н.  |g Вячеслав Николаевич 
701 1 |a Иоффе  |b А. Я.  |g Анатолий Яковлевич 
801 1 |a RU  |b 63413507  |c 20091029 
801 2 |a RU  |b 63413507  |c 20171004  |g RCR 
942 |c BK